Celebraciones argentinas - Estadísticas

Estadísticas generales
  • Esta prueba ha sido intentada 12 veces
  • La puntuación promedio es 12 de 15
Estadísticas de respuestas
Día Celebración % Correcto
1 de enero Año Nuevo
100%
9 de julio Día de la Independencia
100%
1 de mayo Día del trabajador
100%
2 de abril Día del Veterano y de los Caídos en la Guerra de Malvinas
100%
25 de diciembre Navidad
100%
-- de febrero/marzo Carnaval
91%
25 de mayo Día de la Revolución de Mayo
91%
17 de agosto Paso a la Inmortalidad del Gral. José de San Martín
91%
-- de abril Semana Santa
82%
24 de marzo Día Nacional de la Memoria por la Verdad y la Justicia
73%
8 de diciembre Inmaculada Concepción de María
73%
20 de junio Paso a la Inmortalidad del Gral. Manuel Belgrano
73%
17 de junio Paso a la Inmortalidad del Gral. Don Martín Miguel de Güemes
64%
20 de noviembre Día de la Soberanía Nacional
55%
12 de octubre Día del Respeto a la Diversidad Cultural
45%
No se encontraron pruebas coincidentes
Distribución de puntuación
Porcentaje de gente con cada puntuación
Porcentaje por número respondido
Historial de tus puntuaciones
No has intentado esta prueba.